| 000 | 00742cam a22002413a 4500 | ||
|---|---|---|---|
| 001 | 13295 | ||
| 003 | PGUSA | ||
| 005 | 20140828083303.0 | ||
| 008 | 040826s2004||||xxu|||||s|||||000 1 eng d | ||
| 040 |
_aPGUSA _beng |
||
| 042 | _adc | ||
| 050 | 4 | _aPT | |
| 100 | 1 |
_aMühlbach, L. _q(Luise), _d1814-1873 |
|
| 245 | 1 | 4 |
_aThe Youth of the Great Elector _h[electronic resource] / _cL. Mühlbach |
| 260 |
_bProject Gutenberg, _c2004 |
||
| 506 | _aPublic domain in the USA. | ||
| 516 | _aElectronic text | ||
| 653 | _aFriedrich Wilhelm, Elector of Brandenburg, 1620-1688 -- Fiction | ||
| 700 | 1 |
_aSmith, Mary Stuart Harrison, _d1834-1917 |
|
| 830 | 0 |
_aProject Gutenberg _v13295 |
|
| 856 | 4 | 0 | _uhttp://www.gutenberg.org/ebooks/13295 |
| 942 | _cEB | ||
| 999 |
_c242550 _d242550 |
||